000 00564nam a2200217 a 4500
999 _c6581
_d6581
001 6581
003 BD-JhCC
005 20180217105256.0
008 180125b2004 ii |||| |||| 000 0 eng d
035 _a(BD-JhCC)
040 _aBD-JhCC
_dBD-JhCC
041 _aeng
082 _a821.8
_bLAL 2004
100 _aLall, Ramji
245 _aAlfred Tennyson :
_b Selected Poems an evaluation of his poetry /
_cRamji Lall
250 _a14th ed.
260 _aIndia:
_bAarti Book Centre;
_c2004
300 _a268 p;,
_c22 cm
650 _aPoets, English
942 _2ddc
_cBK